000 00571nam a2200205 i 4500
001 BINCO
003 CO-MdBIC
005 20221117154943.0
008 221117b19812007xxka|||| |||| 00| 0 spa d
020 _a9789707773363
040 _aCO-MdBIC
_bspa.
_cCO-MdBIC
_dCO-MdBIC
041 _aspa
082 _222
_a603
_bB877
100 _a Brown, Ruth
_d(1941-
245 _aOscuro, muy oscuro
_c Brown, Ruth
264 _aMexico:
_bEditorial océano de México, S.A;
_c©2007.
300 _a30 páginas:
_bIlustraciones a color;
_c27cm.
650 _xAnimales
942 _cLGB
999 _c68345
_d68345